Devine le club version moyen - Statistiques

Statistiques générales
  • Ce quiz a été pris 69 fois
    41 depuis la dernière actualisation
  • Le résultat moyen est 7 sur 10
Statistiques - réponses
Par images Réponse % Correct
Young Boys
95%
Strasbourg
92%
Girona
89%
Cologne
74%
Hertha Berlin
71%
Monza
66%
Al Ahli
58%
AEK Athènes
53%
Vissel Kobe
47%
Luton Town
42%
Aucun quiz correspondant
Distribution des résultats
% des personnes avec chaque résultat
Percentile par nombre de réponses
Votre historique - résultats
Vous n’avez pas pris ce quiz depuis la dernière actualisation